Teoría y estructura sociales

Zapisane w:
Opis bibliograficzny
1. autor: Merton, Robert King (autor)
Format: Książka
Język:hiszpański
Wydane: Ciudad de México Fondo de Cultura Económica 1980
Wydanie:2a. ed
Seria:Sección de obras de sociología
Hasła przedmiotowe:
Etykiety: Dodaj etykietę
Nie ma etykietki, Dołącz pierwszą etykiete!

MARC

LEADER 00000nam a2200000 a 4500
001 UCX2376
003 CL-VaPUC
008 910507e19800000MX |||||||||||||||||spa|d
082 0 4 |a 305  |b MER  |2 21 
100 |a Merton, Robert King  |e autor  |9 434583 
245 1 0 |a Teoría y estructura sociales 
250 |a 2a. ed 
300 |a 741 p 
942 |c BK 
945 |d 19910507 00:00:00 
260 |a Ciudad de México  |b Fondo de Cultura Económica  |c 1980 
650 0 |a Sociología   |9 255410 
650 7 |a ESTRUCTURA SOCIAL  |2 CL-VaPUC  |9 318292 
583 |a last modification  |c 19910507 00:00:00  |k Rodrigo Vera 
490 0 |a Sección de obras de sociología 
999 |c 223411  |d 223409 
952 |0 0  |1 0  |4 0  |6 305_000000000000000_MER_1980  |7 0  |8 A  |9 219179  |a BIBENE  |b BIBENE  |d 2019-11-15  |i 2879387  |o 305 MER 1980  |p 2879387  |r 2025-01-15  |w 2019-11-15  |y BK  |k ICO 
952 |0 0  |1 0  |4 0  |6 305_000000000000000_MER_1980  |7 0  |8 A  |9 219180  |a BIBGIM  |b BIBGIM  |d 2019-11-15  |i 2879395  |o 305 MER 1980  |p 2879395  |r 2025-01-15  |w 2019-11-15  |y BK  |k SSL 
952 |0 0  |1 0  |4 0  |6 305_000000000000000_MER_1980  |7 0  |8 A  |9 219181  |a BIBGIM  |b BIBGIM  |d 2019-11-15  |i 2879409  |o 305 MER 1980  |p 2879409  |r 2025-01-15  |w 2019-11-15  |y BK  |k SSL